000 00743nam a22002057a 4500
003 OSt
005 20260701154145.0
008 260701b |||||||| |||| 00| 0 eng d
020 _a9780325047348
040 _cChuka University Library
050 _aLB 1576 .C3 2013
100 _aCalkins Lucy
_927666
245 _aChanging the world: Persuasive speeches, petitions, and editorials
260 _aPortsmouth
_bHeinemann
_c2013
300 _aix, 190 pp
_bIllustrations preface and index
650 _aEnglish language---Composition and exercises--study and teaching(elementary)
_932450
650 _aPersuasion(rhetorical)---study and teaching (elementary)
_932451
650 _aSpeeches, addresses---Authorship
_932452
942 _2lcc
_cBK
_n0
999 _c25827
_d25827